Multiple approaches to the treatment of violent couples

Guardado en:  
Detalles Bibliográficos
Autores principales: Jennings, J. P. (Autor) ; Jennings, J. L. (Autor)
Tipo de documento: Print Artículo
Lenguaje:Inglés
Publicado: 1991
En: The American journal of family therapy
Año: 1991, Volumen: 19, Número: 4, Páginas: 351-362
Verificar disponibilidad: HBZ Gateway
Palabras clave:

MARC

LEADER 00000caa a22000002c 4500
001 1640050930
003 DE-627
005 20230426113845.0
007 tu
008 160223s1991 xx ||||| 00| ||eng c
035 |a (DE-627)1640050930 
035 |a (DE-576)456039589 
035 |a (DE-599)BSZ456039589 
040 |a DE-627  |b ger  |c DE-627  |e rakwb 
041 |a eng 
100 1 |a Jennings, J. P.  |4 aut 
245 1 0 |a Multiple approaches to the treatment of violent couples  |c J.P Jennings, J.L Jennings 
264 1 |c 1991 
336 |a Text  |b txt  |2 rdacontent 
337 |a ohne Hilfsmittel zu benutzen  |b n  |2 rdamedia 
338 |a Band  |b nc  |2 rdacarrier 
700 1 |a Jennings, J. L.  |4 aut 
773 0 8 |i In  |t The American journal of family therapy  |d Philadelphia, Pa. : Taylor & Francis, 1979  |g 19(1991), 4, Seite 351-362  |w (DE-627)16656690X  |w (DE-600)224590-5  |w (DE-576)015043878  |x 0192-6187  |7 nnas 
773 1 8 |g volume:19  |g year:1991  |g number:4  |g pages:351-362 
935 |a mkri 
951 |a AR 
ELC |b 1 
LOK |0 000 xxxxxcx a22 zn 4500 
LOK |0 001 3301318231 
LOK |0 003 DE-627 
LOK |0 004 1640050930 
LOK |0 005 20160223101043 
LOK |0 008 160208||||||||||||||||ger||||||| 
LOK |0 040   |a DE-21-110  |c DE-627  |d DE-21-110 
LOK |0 689   |a s  |a Therapie 
LOK |0 689   |a s  |a Gewalt in Ehe und Familie 
LOK |0 852   |z Kein Bestand am IfK; Nachweis für KrimDok 
LOK |0 852   |a DE-21-110 
LOK |0 852 1  |m v  |9 00 
LOK |0 935   |a k110 
LOK |0 938   |k v 
LOK |0 939   |a 08-02-16  |b l01 
ORI |a SA-MARC-krimdoka001.raw